Ahí y ahora / (رقم التسجيلة. 125423)

تفاصيل مارك
000 -LEADER
fixed length control field 00907cam a2200289 a 4500
008 - FIXED-LENGTH DATA ELEMENTS--GENERAL INFORMATION
fixed length control field 120516s2006 sp 000 1 spa d
020 ## - INTERNATIONAL STANDARD BOOK NUMBER
International Standard Book Number 9788420640839
040 ## - CATALOGING SOURCE
Original cataloging agency EG-GiCUC
Language of cataloging spa
Transcribing agency EG-GiCUC
050 00 - LIBRARY OF CONGRESS CALL NUMBER
Classification number PQ7797.C7145
Item number D4813 2006
082 00 - DEWEY DECIMAL CLASSIFICATION NUMBER
Classification number 863.64
Edition number 22
092 04 - LOCALLY ASSIGNED DEWEY CALL NUMBER (OCLC)
Classification number 863.64
Item number C827a
Edition number 21
099 ## - LOCAL FREE-TEXT CALL NUMBER (OCLC)
Classification number 04
-- 863.64 C827a
100 1# - MAIN ENTRY--PERSONAL NAME
Personal name Cortazar, Julio.
245 10 - TITLE STATEMENT
Title Ahí y ahora /
Statement of responsibility, etc. Julio Cortâazar.
250 ## - EDITION STATEMENT
Edition statement 1{u00AA} ed. en "Área de conocimiento literatura"
260 ## - PUBLICATION, DISTRIBUTION, ETC.
Place of publication, distribution, etc. Madrid :
Name of publisher, distributor, etc. Alianza Editorial,
Date of publication, distribution, etc. c2006.
300 ## - PHYSICAL DESCRIPTION
Extent 111 p. ;
Dimensions 18 cm.
490 1# - SERIES STATEMENT
Series statement El libro de bolsillo. Literatura hispanoamericana ;
Volume/sequential designation 5308.
600 10 - SUBJECT ADDED ENTRY--PERSONAL NAME
Personal name Cortazar, Julio.
650 #0 - SUBJECT ADDED ENTRY--TOPICAL TERM
Topical term or geographic name entry element Spanish fiction
Chronological subdivision 20th century.
830 #0 - SERIES ADDED ENTRY--UNIFORM TITLE
Uniform title Los relatos ;
Volume/sequential designation 4.
902 ## - LOCAL DATA ELEMENT B, LDB (RLIN)
No. of Items 2
905 ## - LOCAL DATA ELEMENT E, LDE (RLIN)
Cataloger Jamal
Reviser Cat.
905 ## - LOCAL DATA ELEMENT E, LDE (RLIN)
Cataloger Jihan
Reviser Rev.
942 ## - ADDED ENTRY ELEMENTS (KOHA)
Source of classification or shelving scheme Dewey Decimal Classification
Koha item type Books
المقتنيات
Source of classification or shelving scheme Not for loan Home library Current library Date acquired Full call number Barcode Date last seen Koha item type Copy number
Dewey Decimal Classification   المكتبة المركزبة الجديدة - جامعة القاهرة قاعة الثقاقات الاجنبية - الدور الثالث 11.02.2024 863.64 C827a c.2 Spa. 01000116001687000 05.07.2024 Books  
Dewey Decimal Classification   المكتبة المركزبة الجديدة - جامعة القاهرة قاعة الثقاقات الاجنبية - الدور الثالث 11.02.2024 863.64 C827a Spa. 01000116001686000 05.07.2024 Books C.1
Cairo University Libraries Portal Implemented & Customized by: Eng. M. Mohamady Contacts: new-lib@cl.cu.edu.eg | cnul@cl.cu.edu.eg
CUCL logo CNUL logo
© All rights reserved — Cairo University Libraries
CUCL logo
Implemented & Customized by: Eng. M. Mohamady Contact: new-lib@cl.cu.edu.eg © All rights reserved — New Central Library
CNUL logo
Implemented & Customized by: Eng. M. Mohamady Contact: cnul@cl.cu.edu.eg © All rights reserved — Cairo National University Library